Mariano Marcos State University

University Library System

Womanhood in America : (Record no. 26895)

MARC details
000 -LEADER
fixed length control field 01190cam a2200385 i 4500
001 - CONTROL NUMBER
control field 4171623
003 - CONTROL NUMBER IDENTIFIER
control field OSt
005 - DATE AND TIME OF LATEST TRANSACTION
control field 20250826114312.0
008 - FIXED-LENGTH DATA ELEMENTS--GENERAL INFORMATION
fixed length control field 790305s1979 nyu b 001 0 eng
010 ## - LIBRARY OF CONGRESS CONTROL NUMBER
LC control number 79010903
020 ## - INTERNATIONAL STANDARD BOOK NUMBER
International Standard Book Number 0531054101
020 ## - INTERNATIONAL STANDARD BOOK NUMBER
International Standard Book Number 0531056244
020 ## - INTERNATIONAL STANDARD BOOK NUMBER
International Standard Book Number 9780531054109
020 ## - INTERNATIONAL STANDARD BOOK NUMBER
International Standard Book Number 9780531056240
035 ## - SYSTEM CONTROL NUMBER
System control number 4171623
040 ## - CATALOGING SOURCE
Original cataloging agency MMSU
Transcribing agency ULS
050 00 - LIBRARY OF CONGRESS CALL NUMBER
Classification number HQ 1410 R9 1979
082 00 - DEWEY DECIMAL CLASSIFICATION NUMBER
Classification number 305.4/0973
Edition number 19
100 1# - MAIN ENTRY--PERSONAL NAME
Personal name Ryan, Mary P.
245 10 - TITLE STATEMENT
Title Womanhood in America :
Remainder of title from colonial times to the present /
Statement of responsibility, etc. by Mary P. Ryan.
250 ## - EDITION STATEMENT
Edition statement 2d edition
260 ## - PUBLICATION, DISTRIBUTION, ETC.
Place of publication, distribution, etc. New York :
Name of publisher, distributor, etc. New Viewpoints,
Date of publication, distribution, etc. c1979.
300 ## - PHYSICAL DESCRIPTION
Extent xix, 284 pages. ;
Dimensions 23 cm.
336 ## - CONTENT TYPE
Content type term text
Content type code txt
Source rdacontent
337 ## - MEDIA TYPE
Media type term unmediated
Media type code n
Source rdamedia
338 ## - CARRIER TYPE
Carrier type term volume
Carrier type code nc
Source rdacarrier
504 ## - BIBLIOGRAPHY, ETC. NOTE
Bibliography, etc. note Includes bibliographical references and index.
650 #0 - SUBJECT ADDED ENTRY--TOPICAL TERM
Topical term or geographic name entry element Women
Geographic subdivision United States
General subdivision History.
650 #0 - SUBJECT ADDED ENTRY--TOPICAL TERM
Topical term or geographic name entry element Women
Geographic subdivision United States
General subdivision Social conditions.
650 #0 - SUBJECT ADDED ENTRY--TOPICAL TERM
Topical term or geographic name entry element Sex role.
650 #0 - SUBJECT ADDED ENTRY--TOPICAL TERM
Topical term or geographic name entry element Sex discrimination
Geographic subdivision United States.
906 ## - LOCAL DATA ELEMENT F, LDF (RLIN)
a 7
b cbc
c orignew
d 1
e ocip
f 19
g y-gencatlg
942 ## - ADDED ENTRY ELEMENTS (KOHA)
Source of classification or shelving scheme
Koha item type Books
Holdings
Withdrawn status Lost status Source of classification or shelving scheme Damaged status Not for loan Home library Current library Shelving location Date acquired Total Checkouts Full call number Barcode Date last seen Price effective from Koha item type
          MMSU Main Library MMSU Main Library American Corner 08/26/2025   HQ 1410 R9 1979 AC 0168-AC 08/26/2025 08/26/2025 Books

© 2023 Mariano Marcos State University. All Rights Reserved.

Powered by Koha